000 00607nam a2200241Ia 4500
003 OSt
005 20221005131916.0
006 a|||||r|||| 00| 0
007 ta
008 221004b |||||||| |||| 00| 0 eng d
024 _a58143
037 _cTextual
040 _aCRL
_cCRL
_beng
041 _2eng
_aeng
082 _aV2:24:N4, H42
100 _aGandhi M K
245 0 _aTalks
_b Text of correspondence, etc.
260 _c1944
650 _aHISTORY
700 _a Jinnah M A
_9102273
942 _hV2:24:N4, H42
_cTEXL
_2cc
999 _c1061798
_d1061798